| 000 | 00695cam a2200253 4500 | ||
|---|---|---|---|
| 001 | 2709075 | ||
| 003 | ARRUPE | ||
| 005 | 20151028113404.0 | ||
| 008 | 700707s1970 nyua b 000 0 eng | ||
| 010 | _a 76084477 | ||
| 040 |
_aDLC _cDLC _dDLC |
||
| 043 | _an-us--- | ||
| 050 | 0 | 0 |
_aHG4910 _b.N47 |
| 082 | 0 | 0 | _a332.6/4/0973 |
| 100 | 1 |
_aNey, Richard. _920626 |
|
| 245 | 1 | 4 |
_aThe Wall Street jungle. _cRichard Ney |
| 260 |
_aNew York, _bGrove Press _c1971 |
||
| 300 |
_a401 p. _c18 cm. |
||
| 350 | _a7.50 | ||
| 650 | 0 |
_aStock exchanges _zUnited States. _920627 |
|
| 650 | 0 |
_aStocks _zUnited States. _920628 |
|
| 906 |
_a7 _bcbc _corignew _du _encip _f19 _gy-gencatlg |
||
| 942 |
_2lcc _cMONOGRAPH |
||
| 999 |
_c123641 _d123641 |
||